[Event "Titled Tue 30th Jul Late"]
[Site "chess.com INT"]
[Date "2024.07.30"]
[Round "9"]
[White "Nihal, Sarin"]
[Black "Chigaev, M."]
[Result "1-0"]
[WhiteElo "2682"]
[BlackElo "2623"]
[PlyCount "85"]
[EventDate "2024.07.30"]

1. Nf3 Nf6 2. g3 g6 3. Bg2 Bg7 4. O-O O-O 5. d4 d6 6. Nc3 Nc6 7. d5 Nb4 8. a3 Na6 9. e4 e5 10. dxe6 Bxe6 11. Nd4 Bg4 $146 ({RR} 11... Re8 12. Nxe6 Rxe6 13. Be3 c6 14. Bd4 Nc7 15. Qd3 Re7 16. Rad1 Ne6 17. Bxf6 Bxf6 18. Qxd6 Qxd6 19. Rxd6 Be5 20. Rd2 Nc5 21. Nd1 Rd7 22. Rxd7 Nxd7 23. Re1 Nc5 24. f4 Bg7 25. e5 Rd8 26. Nc3 {D'Costa,L (2417)-Ledger,D (2266) London 2012 ½-½ (62)}) 12. f3 Bd7 13. Be3 Re8 14. Qd2 Nc5 15. Kh1 a5 16. Rad1 a4 17. Rfe1 Ne6 18. Nxe6 Bxe6 19. Bd4 c6 20. h3 Qa5 21. Kh2 c5 22. Be3 b5 23. Qxd6 b4 24. Ne2 Nd7 25. Nf4 Be5 26. Qd2 Nb6 27. Nxe6 Rxe6 28. Rb1 Nc4 29. Qd5 Nxe3 30. Rxe3 Ree8 31. f4 Rad8 32. Qc4 Bd4 33. Rd3 Rb8 34. axb4 Rxb4 35. Qa2 Qb5 36. b3 axb3 37. Rdxb3 Qe2 38. Rxb4 cxb4 39. Qa4 Rd8 40. Rxb4 Qf2 41. Rb1 Rc8 42. Rf1 Qd2 43. c4 1-0

[Event "Titled Tue 30th Jul Late"]
[Site "chess.com INT"]
[Date "2024.07.30"]
[Round "10"]
[White "Carlsen, M."]
[Black "Yoo, Christopher Woojin"]
[Result "1-0"]
[WhiteElo "2832"]
[BlackElo "2607"]
[PlyCount "65"]
[EventDate "2024.07.30"]

1. Nf3 Nf6 2. g3 d5 3. Bg2 e6 4. O-O Be7 5. d3 O-O 6. a4 c5 ({RR} 6... a5 7. Bf4 Bd6 8. Bxd6 Qxd6 9. Nc3 e5 10. e4 d4 11. Nb5 Qe7 12. c3 dxc3 13. bxc3 Rd8 14. Qc2 Ra6 15. d4 exd4 16. e5 Nd5 17. Nfxd4 Rh6 18. Rfe1 Nc6 19. Rad1 Nxd4 20. Nxd4 c6 21. e6 {Andreikin,D (3098)-Makarian,R (2927) Chess.com 2024 1-0 (39)}) 7. e4 dxe4 ({RR} 7... Nc6 8. Qe2 c4 9. dxc4 Nxe4 10. Rd1 Bc5 11. Be3 Qb6 12. Bxc5 Qxc5 13. Na3 Nf6 14. c3 a5 15. Ne1 Re8 16. Nd3 Qf8 17. Nf4 Bd7 18. Nh5 Nxh5 19. Qxh5 Ne7 20. Nb5 Bxb5 21. axb5 dxc4 22. Bxb7 {Coro,L (2424)-Villegas,F (2329) Buenos Aires ARG 2025 1-0 (38)}) ({RR} 7... Nc6 8. Qe2 Qc7 9. Nc3 d4 10. Nb5 Qd8 11. e5 Nd5 12. h4 a6 13. Na3 b5 14. Bd2 Rb8 15. Ng5 h6 16. Nh3 Bd7 17. Nf4 Nxf4 18. Bxf4 Nb4 19. Qg4 Kh8 20. Qh5 Bc6 21. Bxc6 Nxc6 22. Rae1 {Carlsen,M (2832)-Gokerkan,C (2512) chess.com INT 2024 1-0 (40)}) 8. dxe4 Nc6 9. e5 $146 ({RR} 9. Qe2 Qc7 10. Nc3 b6 11. e5 Nd5 12. Nb5 Qb8 13. Rd1 a6 14. Nd6 Rd8 15. c4 Bxd6 16. cxd5 Nxe5 17. dxe6 Nxf3+ 18. Bxf3 Ra7 19. exf7+ Kxf7 20. Bd5+ Kf8 21. Qf3+ Ke8 22. Bg5 Rdd7 23. Re1+ Be7 {Sai,H (2140)-Golubovskis,M (2192) chess.com INT 2024 1-0}) 9... Nd5 10. Qe2 b6 11. c3 Qc7 12. Nbd2 Bb7 13. Re1 Rad8 14. h4 h6 15. Nc4 Ba6 16. Qe4 Rd7 17. Bf1 Rfd8 18. Bd3 g6 19. Bc2 h5 20. g4 hxg4 21. Qxg4 Bxc4 22. Qxc4 Kg7 23. h5 gxh5 24. Kh1 Rh8 25. Qe4 Kf8 26. Rg1 Na5 27. Ng5 Qc6 28. Nxf7 Rh7 29. Rg8+ Kxg8 30. Qxh7+ Kf8 31. Bh6+ Ke8 32. Qg8+ Bf8 33. Qxf8# 1-0

[Event "Titled Tue 30th Jul Late"]
[Site "chess.com INT"]
[Date "2024.07.30"]
[Round "11"]
[White "Demidov, M."]
[Black "Bharath, Subramaniyam H"]
[Result "1-0"]
[WhiteElo "2549"]
[BlackElo "2550"]
[PlyCount "65"]
[EventDate "2024.07.30"]

1. Nf3 b6 2. d4 Bb7 3. e3 Nf6 4. Bd3 g6 5. O-O Bg7 6. c4 O-O 7. Nc3 d5 8. cxd5 Nxd5 9. e4 ({RR} 9. Bd2 c5 10. dxc5 bxc5 11. Rc1 Nb4 12. Be4 Bxe4 13. Nxe4 Nd3 14. Rc2 Qd5 15. Nc3 Qe6 16. Na4 Qxa2 17. Nxc5 Nxc5 18. b4 Qe6 19. Rxc5 Nd7 20. Rc7 Rfc8 21. Qc2 Nb6 22. Rc1 Rxc7 23. Qxc7 Bb2 {Aravindh,C (2607)-Dardha,D (2625) Sant Ferran de ses Roques ESP 2023 ½-½ (57)}) 9... Nxc3 10. bxc3 c5 11. Bb2 $146 ({RR} 11. Be3 cxd4 12. cxd4 Nc6 13. Be2 Qd7 14. Rc1 Rac8 15. Qa4 Rfd8 16. d5 Nd4 17. Qd1 Rxc1 18. Bxc1 Nxe2+ 19. Qxe2 Qa4 20. Bg5 Ba6 21. Qd1 Qxe4 22. Re1 Qxd5 23. Qxd5 Rxd5 24. Bxe7 Bc3 25. Rc1 Bb2 {Krush,I (2422)-Doluhanova,E (2293) Moscow 2019 0-1 (60)}) 11... cxd4 12. cxd4 Nc6 13. Bc4 Rc8 14. Rc1 Na5 15. Bd3 Qd7 16. Qe2 Rxc1 17. Rxc1 Rc8 18. Rxc8+ Qxc8 19. d5 Bxb2 20. Qxb2 Ba6 21. Bxa6 Qxa6 22. h4 Qd3 23. Qe5 Qa3 24. Qb8+ Kg7 25. Qe5+ f6 26. Qc7 Kf7 27. e5 Qc5 28. d6 Nc6 29. Kh2 fxe5 30. Qxc6 exd6 31. Qd7+ Kf6 32. Ng5 Qd5 33. Nxh7# 1-0

[Event "Titled Tue 6th Aug Early"]
[Site "chess.com INT"]
[Date "2024.08.06"]
[Round "4"]
[White "Naroditsky, D."]
[Black "Rustemov, A."]
[Result "1-0"]
[WhiteElo "2619"]
[BlackElo "2525"]
[PlyCount "113"]
[EventDate "2024.08.06"]

1. Nf3 d5 2. e3 c6 3. b3 Nf6 4. Bb2 Bf5 5. h3 ({RR} 5. Nh4 Bg6 6. Nxg6 hxg6 7. g3 e6 8. Bg2 Nbd7 9. d3 Bd6 10. Nd2 Qe7 11. a3 O-O-O 12. Qe2 e5 13. b4 Kb8 14. Nb3 Nb6 15. Rc1 Na4 16. Ba1 e4 17. Bd4 Be5 18. c3 exd3 19. Qxd3 Ne4 {Deac,B (2700)-Sachdev,T (2389) chess.com INT 2023 1-0 (41)}) 5... h6 6. g4 Bh7 7. Bg2 $146 ({RR} 7. d4 Nbd7 8. Bd3 Ne4 9. Nfd2 Ndf6 10. f3 Nxd2 11. Qxd2 Qc7 12. Rg1 e6 13. Nc3 Bd6 14. O-O-O O-O-O 15. Kb1 e5 16. dxe5 Bxe5 17. f4 Bd6 18. Bxh7 Rxh7 19. Qd3 Rhh8 20. Ne2 Qe7 21. Ng3 Qe6 {Danov,L (2260)-Blagojevic,T (2075) Albena 2014 ½-½ (60)}) ({RR} 7. Rg1 Nbd7 8. h4 Qc7 9. g5 hxg5 10. hxg5 Ne4 11. d3 Nd6 12. Rh1 O-O-O 13. g6 fxg6 14. Ng5 Nf6 15. Bxf6 gxf6 16. Rxh7 Rxh7 17. Nxh7 Bg7 18. Qg4+ f5 19. Qxg6 Bxa1 20. d4 Qa5+ 21. Kd1 Qxa2 {Santos Latasa,J (2612)-Kushko,D (2445) chess.com INT 2024 0-1 (58)}) 7... Nbd7 8. d3 e6 9. Nbd2 Bd6 10. Qe2 Qe7 11. a3 a5 12. g5 hxg5 13. Nxg5 Bg6 14. h4 Be5 15. d4 Bd6 16. e4 dxe4 17. Ndxe4 Nxe4 18. Bxe4 Bxe4 19. Nxe4 Bf4 20. Qg4 Bh6 21. h5 O-O-O 22. Qh4 Qxh4 23. Rxh4 Nf6 24. Nxf6 gxf6 25. Ke2 Bg5 26. Rh3 Rh7 27. c4 f5 28. Bc3 a4 29. bxa4 Bf6 30. Rd1 Rdh8 31. Rdh1 c5 32. dxc5 Bxc3 33. Rxc3 Rxh5 34. Rb1 Kc7 35. Rcb3 Kc6 36. Rxb7 Kxc5 37. a5 Ra8 38. R1b5+ Kxc4 39. a4 Rh1 40. Rxf7 Ra1 41. Rc7+ Kd4 42. Rd7+ Ke4 43. Rb4+ Ke5 44. Rdb7 Ra2+ 45. Ke3 Ra3+ 46. Ke2 Kf6 47. R7b5 e5 48. Rb6+ Kg5 49. R6b5 Kf6 50. Rc4 Ra2+ 51. Ke3 Ra3+ 52. Ke2 f4 53. Rc6+ Kf5 54. Rcc5 Rxa4 55. Rxe5+ Kg4 56. Rg5+ Kh3 57. Rh5+ 1-0

[Event "Titled Tue 6th Aug Early"]
[Site "chess.com INT"]
[Date "2024.08.06"]
[Round "6"]
[White "Andreikin, D."]
[Black "Shankland, S."]
[Result "1-0"]
[WhiteElo "2729"]
[BlackElo "2669"]
[PlyCount "49"]
[EventDate "2024.08.06"]

1. Nf3 d5 2. g3 g6 3. c4 dxc4 4. Na3 Bg7 5. Nxc4 Nc6 6. d3 Nh6 7. h4 ({RR} 7. Bd2 Nf5 8. Bg2 O-O 9. Bc3 Re8 10. Bxg7 Kxg7 11. O-O e5 12. Rc1 a5 13. Nfd2 Ncd4 14. e3 Nb5 15. Qc2 c6 16. Rfd1 a4 17. Ne4 Nfd6 18. Nc5 a3 19. bxa3 Nxa3 20. Nxa3 Rxa3 21. d4 Qa5 {Wieczorek,O (2491)-Solomon,K (2257) Spilimbergo ITA 2024 1-0}) 7... Be6 8. Qa4 $146 ({RR} 8. Bd2 Ng4 9. Bg2 h5 10. O-O O-O 11. Rc1 Bd5 12. b4 Qd7 13. a4 a6 14. Qc2 Rac8 15. e3 b5 16. axb5 axb5 17. e4 Be6 18. Ne3 Nxe3 19. fxe3 Ne5 20. d4 Nc4 21. Ng5 Bg4 22. e5 Bxe5 {Ding,L (2791)-Caruana,F (2835) chess24.com INT 2020 ½-½ (51)}) 8... Qd7 9. Bg2 Nf5 10. h5 Rd8 11. Bf4 O-O 12. hxg6 hxg6 13. Kf1 a6 14. Ne3 b5 15. Qe4 Rfe8 16. Rc1 Nxe3+ 17. Bxe3 Bd5 18. Qh4 e6 19. Qh7+ Kf8 20. Bh6 Bxh6 21. Qxh6+ Ke7 22. Qg5+ Kd6 23. e4 f6 24. Qxf6 Rf8 25. e5+ 1-0

[Event "Titled Tue 6th Aug Early"]
[Site "chess.com INT"]
[Date "2024.08.06"]
[Round "9"]
[White "Andreikin, D."]
[Black "Nakamura, Hi"]
[Result "1-0"]
[WhiteElo "2729"]
[BlackElo "2802"]
[PlyCount "89"]
[EventDate "2024.08.06"]

1. Nf3 d5 2. g3 g6 3. Bg2 Bg7 4. c4 dxc4 5. Qa4+ Nc6 6. Qxc4 e5 7. O-O Nge7 8. d3 O-O 9. Nc3 h6 10. Qh4 ({RR} 10. Qb3 Nf5 11. Bd2 Ncd4 12. Nxd4 Nxd4 13. Qd1 c6 14. e3 Ne6 15. Qc2 Nc5 16. Ne4 Nxe4 17. Bxe4 Be6 18. Bc3 Bd5 19. Bxd5 Qxd5 20. e4 Qd7 21. b4 Rad8 22. Rad1 f5 23. exf5 Qxf5 24. Rfe1 Rd5 {Svidler,P (2743)-Leko,P (2731) Sochi 2014 1-0 (38)}) ({RR} 10. Be3 Be6 11. Qh4 Nf5 12. Qxd8 Rfxd8 13. Bc5 Rab8 14. b4 b6 15. b5 bxc5 16. bxc6 e4 17. dxe4 Bxc3 18. exf5 Bxf5 19. Rac1 Bf6 20. Rxc5 Rb2 21. Ra5 Rxe2 22. Rxa7 Be4 23. Rxc7 Rxa2 24. Re1 Bd5 {Boyer,M (2428)-Paravyan,D (2612) chess.com INT 2024 0-1 (64)}) 10... g5 $146 ({RR} 10... Nd4 11. Nxd4 exd4 12. Ne4 Nd5 13. Qxd8 Rxd8 14. Rb1 a5 15. Re1 a4 16. Bf3 b6 17. g4 Be6 18. a3 Ra7 19. Bd2 c5 20. Rec1 Ne7 21. h3 Kh7 22. Bf4 Ba2 23. Ra1 Bd5 24. Rab1 f5 25. gxf5 {Donchenko,A (2581)-Kasimdzhanov,R (2691) Germany 2017 ½-½ (66)}) 11. Bxg5 hxg5 12. Nxg5 Bf5 13. Be4 Qd7 14. g4 f6 15. Bxf5 Qxf5 16. gxf5 fxg5 17. Qc4+ Kh8 18. e4 Rad8 19. Rad1 Bf6 20. Kh1 Rd7 21. Rg1 Nd4 22. Nb5 Nec6 23. Nxd4 Nxd4 24. Rg3 Rh7 25. Rdg1 Rg8 26. Kg2 Ne2 27. Kf1 Nf4 28. d4 Rd7 29. d5 c6 30. h4 cxd5 31. Qc1 g4 32. Rxg4 Rxg4 33. Rxg4 dxe4 34. Rxf4 exf4 35. Qxf4 Kg7 36. h5 Kh7 37. Qxe4 Re7 38. Qd5 Bxb2 39. Qd6 Rg7 40. Qe6 Rg5 41. Qf7+ Rg7 42. Qb3 Ba1 43. Qe6 Rg5 44. Qe7+ Rg7 45. f6 1-0

[Event "Titled Tue 6th Aug Early"]
[Site "chess.com INT"]
[Date "2024.08.06"]
[Round "10"]
[White "Nakamura, Hi"]
[Black "Aronian, L."]
[Result "1-0"]
[WhiteElo "2802"]
[BlackElo "2729"]
[PlyCount "73"]
[EventDate "2024.08.06"]

1. e4 e6 2. d3 d5 3. Nd2 c5 4. g3 Nc6 5. Bg2 Nf6 6. Ngf3 Be7 7. O-O O-O 8. Re1 b5 9. e5 Nd7 10. Nf1 b4 11. h4 a5 12. h5 h6 13. Bf4 ({RR} 13. N1h2 Re8 14. Ng4 Bf8 15. Bf4 a4 16. c4 bxc3 17. bxc3 Ba6 18. Bf1 a3 19. Qc1 Qe7 20. Rb1 Rec8 21. Bxh6 gxh6 22. Nxh6+ Bxh6 23. Qxh6 Qf8 24. Qf4 Rcb8 25. h6 Ne7 26. c4 Ng6 27. Qg5 Rxb1 {Grischuk,A (2783)-Dominguez Perez,L (2754) Beijing 2013 0-1 (42)}) 13... a4 14. a3 Ba6 $146 ({RR} 14... bxa3 15. bxa3 Nd4 16. Nxd4 cxd4 17. Qd2 Qc7 18. Nh2 Ba6 19. Ng4 Rfc8 20. Bxh6 Qxc2 21. Qf4 gxh6 22. Nxh6+ Kh8 23. Qxf7 Qxd3 24. Qxe7 Qh7 25. Qxe6 Re8 26. Nf7+ Kg8 27. Qxd7 Qxf7 28. Bxd5 {1-0 (28) Salman,P (2287)-Barash,A (2138) Chess.com INT 2022}) ({RR} 14... bxa3 15. bxa3 Rb8 16. Ne3 Ba6 17. c4 dxc4 18. Nxc4 Bb5 19. Qd2 Nb6 20. Rac1 Nxc4 21. dxc4 Ba6 22. Bxh6 Rb3 23. Be3 Na5 24. Bf1 Rxa3 25. Qc2 Bb7 26. Be2 Qa8 27. Nh2 Be4 28. Qb2 Rb3 29. Qa2 {Lin,Y (2393)-Lazaro Azcutia,M (2176) Roquetas de Mar ESP 2025 ½-½ (54)}) ({RR} 14... bxa3 15. bxa3 Nd4 16. c4 Nb3 17. Rb1 Nb6 18. N3d2 Nxd2 19. Qxd2 Ra6 20. Qc2 Bg5 21. Be3 d4 22. Bxg5 Qxg5 23. Qe2 Nd7 24. f4 Qe7 25. Nd2 f6 26. Nf3 fxe5 27. Nxe5 Nxe5 28. Qxe5 Bd7 29. Rb7 {Nakamura,H (2768)-Livaic,L (2571) chess.com INT 2023 1-0 (45)}) 15. Ne3 Re8 16. c4 bxc3 17. bxc3 Rb8 18. c4 Nb6 19. Nh2 Bg5 20. cxd5 exd5 21. Nf5 Re6 22. Rc1 Qf8 23. Bxg5 hxg5 24. Ng4 Ne7 25. Qf3 Bc8 26. Nd6 Nc6 27. Rxc5 Nxe5 28. Nxe5 Rxd6 29. Rb5 Re6 30. Rbb1 Ba6 31. d4 Nc4 32. Qxd5 Rd8 33. Qf3 Nxe5 34. dxe5 Rd3 35. Qf5 Rxa3 36. Bd5 Bc8 37. Rb8 1-0

[Event "Titled Tue 6th Aug Late"]
[Site "chess.com INT"]
[Date "2024.08.06"]
[Round "5"]
[White "Andreikin, D."]
[Black "Yilmaz, M."]
[Result "1-0"]
[WhiteElo "2729"]
[BlackElo "2587"]
[PlyCount "159"]
[EventDate "2024.08.06"]

1. Nf3 d5 2. g3 g6 3. c4 dxc4 4. Qa4+ Nc6 5. Qxc4 Bg7 6. Bg2 Nh6 ({RR} 6... e5 7. O-O Nge7 8. d3 O-O 9. Nc3 h6 10. Qa4 Bd7 11. Qa3 Nf5 12. Bd2 Re8 13. Rac1 b6 14. Rfe1 a5 15. b3 Rc8 16. Qb2 Ncd4 17. Nxd4 exd4 18. Ne4 c5 19. a3 Qe7 20. b4 axb4 21. axb4 {Nakamura,H (2793)-Caruana,F (2787) Saint Louis 2015 ½-½ (152)}) 7. O-O ({RR} 7. h4 Nf5 8. h5 Be6 9. Qa4 Qd7 10. Nc3 Ncd4 11. Nxd4 Nxd4 12. Bxb7 Qxa4 13. Nxa4 Nc2+ 14. Kd1 Nxa1 15. Bxa8 O-O 16. Be4 Bxa2 17. Nc3 Be6 18. h6 Bb3+ 19. Ke1 Bxc3 20. dxc3 Rd8 21. Kf1 f5 {Ponkratov,P (2564)-Rasulov,V (2531) chess.com INT 2024 1-0 (47)}) 7... Nf5 8. e3 e5 9. Nc3 $146 ({RR} 9. d3 O-O 10. a3 Be6 11. Qc2 a5 12. Nc3 Nd6 13. Rd1 Rb8 14. b3 Qf6 15. Bb2 Bg4 16. Qe2 Qf5 17. Nd5 Rbc8 18. Rac1 Rfe8 19. Rd2 e4 20. dxe4 Nxe4 21. Bxg7 Nxd2 22. Nf6+ Kxg7 23. Nxg4 Nxf3+ {Bjelobrk,I (2405)-Svane,R (2622) chess.com INT 2022 0-1 (36)}) 9... O-O 10. a3 a5 11. Ne4 Nd6 12. Nxd6 cxd6 13. d4 d5 14. Qb5 e4 15. Nd2 a4 16. Nb1 Ra5 17. Qe2 b6 18. Bd2 Ba6 19. Qd1 Bxf1 20. Bxf1 Ra8 21. Bb5 Na5 22. Bb4 Re8 23. Nc3 Re6 24. Rc1 h5 25. Qxa4 Bf8 26. Bxa5 Rxa5 27. Qb3 Rd6 28. a4 Ra8 29. Ne2 Rc8 30. Rc3 h4 31. Kg2 Kg7 32. Nf4 Rxc3 33. bxc3 g5 34. Nh5+ Kg6 35. g4 f5 36. Be2 Qc8 37. h3 fxg4 38. Bxg4 Qc4 39. Qb1 Qxc3 40. Qb5 Kf7 41. Qa6 Qc7 42. Qf1 Be7 43. f3 Qc2+ 44. Kh1 exf3 45. Bxf3 Bf6 46. Bxd5+ Ke7 47. Bf3 Qd2 48. Qb1 Qxe3 49. Qh7+ Kd8 50. Qg8+ Kc7 51. Qf7+ Be7 52. Ng7 Qe1+ 53. Kg2 Qg3+ 54. Kf1 Qxh3+ 55. Ke2 Qd7 56. Ne8+ Kd8 57. Nxd6 Bxd6 58. Qg8+ Qe8+ 59. Qxe8+ Kxe8 60. Bg4 Ke7 61. Kd3 Kf6 62. Ke4 Ke7 63. Kd5 Bb4 64. Kc6 Ba5 65. d5 Kd8 66. d6 Bb4 67. Bh3 Ba3 68. d7 Bc1 69. Kxb6 Be3+ 70. Kb5 Kc7 71. a5 Bf2 72. Kc4 Be1 73. a6 Bf2 74. Kd5 Bg1 75. Ke6 Bc5 76. Ke5 Kd8 77. Kd5 Bg1 78. Kc6 Bf2 79. Kb7 g4 80. Bxg4 1-0

[Event "Titled Tue 6th Aug Late"]
[Site "chess.com INT"]
[Date "2024.08.06"]
[Round "9"]
[White "Carlsen, M."]
[Black "Nakamura, Hi"]
[Result "1-0"]
[WhiteElo "2832"]
[BlackElo "2802"]
[PlyCount "87"]
[EventDate "2024.08.06"]

1. Nf3 d5 2. b3 c5 3. e3 Nc6 4. Bb5 f6 5. Nc3 e5 6. Bxc6+ bxc6 7. Ba3 Ba6 8. Na4 Qa5 9. c4 dxc4 10. Qc2 Bb5 $146 ({RR} 10... cxb3 11. axb3 Qb5 12. Qc4 Qxc4 13. bxc4 e4 14. Nxc5 Bxc5 15. Bxc5 Bxc4 16. Nd4 Nh6 17. f3 Nf7 18. Kf2 Ne5 19. Kg3 h5 20. h4 Bd3 21. Rxa7 Rxa7 22. Bxa7 Kd7 23. Nb3 Kd6 24. Rc1 g5 25. Nd4 {Georgiev,K (2537)-Jobava,B (2578) Skopje MKD 2024 ½-½ (83)}) 11. Qc3 Qa6 12. Bxc5 Bxa4 13. Bxf8 Kxf8 14. bxa4 Ne7 15. Rc1 Qxa4 16. Qxc4 Qxc4 17. Rxc4 Kf7 18. Ke2 Rhb8 19. Rhc1 Rb2 20. Ra4 Ke6 21. Ne1 a5 22. Nd3 Rb5 23. Nc5+ Kd6 24. Ne4+ Kc7 25. a3 Rd8 26. g4 Kb6 27. Rac4 Rb3 28. Nc5 Rb5 29. Ne6 Rg8 30. h4 g6 31. R1c2 Rc8 32. f4 Nd5 33. fxe5 fxe5 34. Nc5 Rc7 35. Nd3 Nf6 36. a4 Rd5 37. e4 Rd6 38. Nxe5 Re6 39. g5 Nh5 40. d4 Rd6 41. Ke3 Re7 42. Rxc6+ Rxc6 43. Rxc6+ Kb7 44. Rc5 1-0

[Event "Titled Tue 6th Aug Late"]
[Site "chess.com INT"]
[Date "2024.08.06"]
[Round "9"]
[White "Andreikin, D."]
[Black "Anton Guijarro, D."]
[Result "1-0"]
[WhiteElo "2729"]
[BlackElo "2669"]
[PlyCount "117"]
[EventDate "2024.08.06"]

1. Nf3 d5 2. g3 e6 3. Bg2 Nf6 4. O-O c5 5. d3 Nc6 6. a4 Be7 7. Bf4 Bd6 ({RR} 7... h6 8. e4 O-O 9. e5 Nh7 10. Re1 b6 11. h4 Bb7 12. Nbd2 a6 13. Nf1 b5 14. N1h2 Re8 15. Ng4 Bf8 16. Qd2 Ne7 17. d4 Qc8 18. c3 Nf5 19. Ne3 Ne7 20. Bf1 c4 21. Be2 Bc6 22. Bd1 {Andreikin,D (2729)-Anton Guijarro,D (2675) Almaty KAZ 2022 ½-½ (120)}) ({RR} 7... O-O 8. e4 dxe4 9. dxe4 Qxd1 10. Rxd1 Nxe4 11. Ne5 Nxe5 12. Bxe5 Nf6 13. Nc3 a5 14. Nb5 Ra6 15. Ra3 Ne8 16. Rc3 f6 17. Bf4 g5 18. Be3 b6 19. Rcd3 Ng7 20. Rd7 Bxd7 21. Rxd7 Nf5 22. g4 {Kiolbasa,O (2360)-Jarocka,L (2231) Rhodes GRE 2025 1-0}) 8. Bxd6 Qxd6 9. Nc3 $146 ({RR} 9. Nbd2 e5 10. e4 d4 11. Nc4 Qc7 12. c3 Bg4 13. h3 Bxf3 14. Bxf3 O-O 15. Qb3 g6 16. a5 Qe7 17. Kg2 h5 18. h4 Rab8 19. Rfc1 Rfd8 20. Be2 Ne8 21. Nd2 Nc7 22. Nf3 Ne6 23. Ra4 b5 {Banusz,T (2605)-Praggnanandhaa,R (2750) Budapest HUN 2024 0-1 (63)}) 9... O-O 10. Nd2 Qe7 11. e4 d4 12. Ne2 e5 13. h3 g6 14. f4 exf4 15. gxf4 Nh5 16. Qe1 Nb4 17. Rc1 Bd7 18. b3 Rae8 19. Ng3 Qh4 20. Nxh5 Qxh5 21. Qg3 f5 22. e5 Bc6 23. Rf2 Nd5 24. Nc4 Re6 25. Kh2 Kh8 26. h4 Qg4 27. Bxd5 Bxd5 28. Nd6 Kg7 29. Rg1 Qxg3+ 30. Rxg3 Rd8 31. Nxf5+ Kf7 32. Nd6+ Ke7 33. h5 Rf8 34. Rg5 Kd7 35. Kg3 Kc6 36. hxg6 hxg6 37. Rh2 Kb6 38. Rh6 Rg8 39. Ne4 Bxe4 40. dxe4 Ka5 41. f5 Rxe5 42. Rhxg6 Rge8 43. Rg4 Kb4 44. f6 Rf8 45. Kf4 Rh5 46. e5 Kc3 47. e6 Rh7 48. Ke5 Kxc2 49. e7 Re8 50. Ke6 d3 51. f7 Rxe7+ 52. Kxe7 d2 53. Rg2 Kc1 54. Rd6 d1=Q 55. Rxd1+ Kxd1 56. Ke8 Rh8+ 57. f8=Q Rxf8+ 58. Kxf8 a6 59. a5 1-0

[Event "Titled Tue 6th Aug Late"]
[Site "chess.com INT"]
[Date "2024.08.06"]
[Round "10"]
[White "Indjic, A."]
[Black "Postny, E."]
[Result "1-0"]
[WhiteElo "2610"]
[BlackElo "2577"]
[PlyCount "93"]
[EventDate "2024.08.06"]

1. Nf3 d5 2. e3 c5 3. b3 Nf6 4. Bb2 Nc6 5. Bb5 e6 6. Bxc6+ bxc6 7. d3 ({RR} 7. Ne5 Bd6 8. f4 Qc7 9. O-O O-O 10. d3 Nd7 11. Qh5 f6 12. Ng4 e5 13. f5 c4 14. dxc4 dxc4 15. Nd2 Ba6 16. Rf3 Rf7 17. Rg3 Re7 18. Ne4 Kh8 19. Rd1 Bb4 20. a3 Ba5 21. Rh3 Nf8 {Yilmaz,M (2630)-Postny,E (2600) Chess.com INT 2020 1-0 (74)}) ({RR} 7. O-O Bd6 8. d4 cxd4 9. exd4 O-O 10. Nbd2 a5 11. a3 Rb8 12. Qe2 Qb6 13. Rfe1 Ba6 14. Qe3 Rfc8 15. Qg5 Qd8 16. Ne5 h6 17. Qh4 Nd7 18. Ndf3 Qxh4 19. Nxh4 Nxe5 20. dxe5 Be7 21. Nf3 a4 {Shetty,A (2105)-Pitzanti,M (2222) chess.com INT 2025 1-0 (78)}) 7... Bd6 8. Ne5 O-O 9. Nd2 Ne8 $146 ({RR} 9... Bb7 10. Qe2 Nd7 11. Nxd7 Qxd7 12. e4 d4 13. Nc4 Be7 14. O-O Ba6 15. Nd2 f5 16. f4 Rae8 17. Rae1 Bd6 18. g3 e5 19. fxe5 Rxe5 20. Nf3 Rxe4 21. Qd2 Rxe1 22. Rxe1 f4 23. Qg2 Bc8 24. Re4 {Yedidia,J (2361)-Aakash,G (2247) chess.com INT 2024 0-1}) 10. f4 f6 11. Nef3 Qe7 12. Qe2 e5 13. fxe5 fxe5 14. e4 Nf6 15. O-O Bg4 16. h3 Bh5 17. g4 Bg6 18. Nh4 Rf7 19. Nf5 Bxf5 20. gxf5 g6 21. c4 d4 22. fxg6 hxg6 23. Qg2 Raf8 24. Nf3 Nh5 25. Bc1 Qd7 26. Bh6 Nf4 27. Bxf4 exf4 28. Kf2 Rg7 29. Qg4 Qd8 30. Rg1 Be7 31. Qe6+ Kh7 32. Rg2 Qa5 33. Qg4 Qc3 34. Rd1 Qc2+ 35. Rd2 Qc1 36. Rg1 Qc3 37. Ke2 Bd8 38. h4 Re8 39. Qxf4 Bc7 40. Qf6 Ree7 41. Ng5+ Kg8 42. Rf1 Re8 43. Qxc6 Rb8 44. Qe6+ Kh8 45. Nf7+ Kh7 46. h5 gxh5 47. Qh6+ 1-0

[Event "Titled Tue 6th Aug Late"]
[Site "chess.com INT"]
[Date "2024.08.06"]
[Round "11"]
[White "Carlsen, M."]
[Black "Xiong, Jeffery"]
[Result "1-0"]
[WhiteElo "2832"]
[BlackElo "2646"]
[PlyCount "65"]
[EventDate "2024.08.06"]

1. Nf3 Nf6 2. g3 b5 3. e3 a6 4. Bg2 Bb7 5. O-O g6 6. b3 Bg7 7. Bb2 O-O 8. c4 ({RR} 8. d4 d6 9. Nbd2 Nbd7 10. Qe2 c5 11. c4 Ne4 12. Nxe4 Bxe4 13. cxb5 axb5 14. Qxb5 Ra7 15. Qe2 Qa8 16. Bc3 Nb6 17. dxc5 Bxc3 18. cxb6 Ra3 19. Rac1 Rxa2 20. Qd1 Bf6 21. Ne1 Ra6 22. Rc4 Bxg2 {Caruana,F (2827)-Carlsen,M (2840) Chess.com INT 2017 ½-½ (86)}) 8... c5 9. Nc3 ({RR} 9. Qe2 d6 10. Na3 b4 11. Nc2 Nbd7 12. d3 a5 13. a4 e5 14. e4 Ne8 15. Ne3 Nc7 16. Nd5 Nxd5 17. cxd5 f5 18. Bh3 Nb6 19. Nd2 Bh6 20. Nc4 Nxc4 21. dxc4 f4 22. Be6+ Kh8 23. f3 Bc8 {Eljanov,P (2666)-Yoo,C (2588) chess.com INT 2025 ½-½ (72)}) 9... b4 $146 ({RR} 9... Qb6 10. d3 d5 11. cxd5 Nxd5 12. Nxd5 Bxd5 13. Bxg7 Kxg7 14. Rc1 Nd7 15. Qe2 Rac8 16. Rfd1 Rfd8 17. h4 h5 18. e4 Bb7 19. Qb2+ Kg8 20. Ng5 Qf6 21. Qe2 Ne5 22. Bh3 e6 23. f4 Nc6 24. e5 {Arabidze,M (2432)-Sukandar,I (2313) Riga 2021 0-1 (50)}) 10. Na4 d6 11. d4 Nbd7 12. d5 Ne8 13. Bxg7 Kxg7 14. e4 e5 15. dxe6 fxe6 16. e5 d5 17. Rc1 dxc4 18. Ng5 Qxg5 19. Qxd7+ Rf7 20. Qxe6 Bxg2 21. Kxg2 c3 22. Nxc5 Nc7 23. Qc4 Qxe5 24. Qxb4 Nd5 25. Qc4 Raf8 26. Rce1 Rxf2+ 27. Rxf2 Qxe1 28. Qd4+ Kh6 29. Qh4+ Kg7 30. Qd4+ Kh6 31. Rxf8 Qd2+ 32. Qf2 Ne3+ 33. Kf3 1-0

[Event "Titled Tue 6th Aug Late"]
[Site "chess.com INT"]
[Date "2024.08.06"]
[Round "11"]
[White "Andreikin, D."]
[Black "Terry, R."]
[Result "1-0"]
[WhiteElo "2729"]
[BlackElo "2514"]
[PlyCount "119"]
[EventDate "2024.08.06"]

1. Nf3 Nf6 2. g3 b6 3. Bg2 Bb7 4. O-O g6 5. c4 Bg7 6. d4 e6 7. Nc3 Ne4 8. Nxe4 Bxe4 9. Bg5 Qc8 10. Qd2 O-O 11. Bh6 d6 12. Bxg7 ({RR} 12. Qf4 Qb7 13. Qh4 Bxh6 14. Qxh6 Bxf3 15. Bxf3 c6 16. d5 cxd5 17. cxd5 e5 18. Rfc1 Qe7 19. e4 Nd7 20. Rc7 Rfc8 21. Rac1 Rxc7 22. Rxc7 Qd8 23. Rc6 Nb8 24. Rc3 Nd7 25. Qc1 a5 26. Rc6 Nc5 {Banusz,T (2621)-Eilers,S (2275) chess.com INT 2024 1-0 (65)}) 12... Kxg7 13. Qf4 Bb7 $146 ({RR} 13... Qb7 14. c5 Qd5 15. Rfc1 Nc6 16. Qe3 Rfd8 17. Rc3 dxc5 18. dxc5 b5 19. a3 e5 20. Rcc1 a6 21. Bf1 h6 22. Bg2 Rd7 23. h4 f5 24. h5 g5 25. b4 Rad8 26. Re1 Bxf3 27. Bxf3 e4 28. Bg2 {Svane,R (2573)-Moskalenko,A (2514) Chess.com INT 2017 0-1 (60)}) 14. d5 e5 15. Qd2 Nd7 16. e4 a5 17. Nh4 Qd8 18. Qc3 Kg8 19. b3 Nc5 20. Rae1 Qe7 21. Bh3 Rae8 22. Ng2 Bc8 23. Bxc8 Rxc8 24. a3 Ra8 25. b4 Nd7 26. Ne3 Nf6 27. f3 axb4 28. axb4 Ra4 29. Ra1 Rfa8 30. Rxa4 Rxa4 31. Ra1 Qe8 32. Nc2 h5 33. Kf2 Qd7 34. Kg2 h4 35. b5 Rxa1 36. Qxa1 hxg3 37. hxg3 Nh5 38. Qc1 Qd8 39. Nb4 Kg7 40. Qe3 Qa8 41. Na6 Qd8 42. Qd2 Qe7 43. Qc1 Qd8 44. Qd2 f5 45. exf5 gxf5 46. Nxc7 Kg6 47. Ne6 Qf6 48. Qe3 f4 49. Qe4+ Kh6 50. g4 Qh4 51. g5+ Qxg5+ 52. Nxg5 Kxg5 53. c5 bxc5 54. b6 Nf6 55. b7 Nxe4 56. fxe4 Kg4 57. b8=Q f3+ 58. Kf2 Kf4 59. Qxd6 Kxe4 60. Qxc5 1-0